000
00353nam a2200181Ia 4500
100
_a
Balagurusamy/E
650
_a
Java
250
_a
4
942
_c
BK
366
_f
25
654
_a
java
245
_a
Programming with Java:A Primer
260
_b
MC Graw-Hill Pub
_c
2010
082
_b
BAL
300
_a
454
546
_a
ENGLISH
999
_c
28709
_d
28709